| 000 | 01445cam a2200253 4500500 | ||
|---|---|---|---|
| 005 | 20260405002756.0 | ||
| 041 | _afre | ||
| 042 | _adc | ||
| 100 | 1 | 0 |
_aArnauld de Sartre, Xavier _eauthor |
| 700 | 1 | 0 |
_aGuétat-Bernard, Hélène _eauthor |
| 700 | 1 | 0 |
_aDiniz Guerra, Gutemberg Armando _eauthor |
| 245 | 0 | 0 | _aBirth Control and Social Change in Small Farming Families at the Pioneer Fronts of the Eastern Amazon Basin in Brazil |
| 260 | _c2006. | ||
| 500 | _a80 | ||
| 520 | _aA sharp fall in fecundity is occurring among smallholder farming families in a pioneer front area of Latin America. The Authors highlight this trend, then examine the theoretical presumptions (questions on the dynamics of gender relations, in particular within couples) and methodological assumptions (by an approach using a comprehensive method of life-story and family-history focused interviews). That supposes a close investigation of how family groups work by noting changes that take place over several generations and the consequences they have on the spatial dynamics of the colonization front. | ||
| 690 | _aBrazil | ||
| 690 | _ademography | ||
| 690 | _afamily-based agriculture | ||
| 690 | _agender relations | ||
| 690 | _aPioneer fronts | ||
| 690 | _asocial change | ||
| 786 | 0 | _nAutrepart | o 39 | 3 | 2006-09-01 | p. 21-38 | 1278-3986 | |
| 856 | 4 | 1 | _uhttps://shs.cairn.info/journal-autrepart-2006-3-page-21?lang=en&redirect-ssocas=7080 |
| 999 |
_c2061005 _d2061005 |
||